[Event "EYCC 2017"]
[Site "Mamaia"]
[Date "2017.09.12"]
[Round "7"]
[White "Matviishen, Viktor"]
[Black "Van Foreest, Lucas"]
[Result "0-1"]
[WhiteElo "2431"]
[BlackElo "2485"]
[Annotator "TA"]
[PlyCount "314"]
[EventDate "2017.??.??"]
[EventType "swiss"]
[EventCountry "ROU"]
[SourceTitle "playchess.com"]
[Source "ChessBase"]
[SourceQuality "1"]

1. d4 Nf6 2. c4 e6 3. Nf3 a6 4. Nbd2 c5 5. e4 cxd4 6. Nxd4 d6 7. b3 b6 8. Bb2 Bb7 9. Bd3 Nbd7 10. O-O Be7 11. Qe2 e5 12. Nf5 Bf8 13. Rfd1 g6 14. Ne3 Bh6 15. b4 O-O 16. a3 a5 17. Nb1 Nb8 18. c5 axb4 19. axb4 Rxa1 20. Bxa1 bxc5 21. bxc5 Qa5 22. Bb2 Qxc5 23. Ba3 Qc7 24. Nc4 Rd8 25. Nc3 Ba6 26. Qa2 Bf8 27. Bf1 Rc8 28. Nxd6 Bxf1 29. Nxc8 Bc4 30. Qd2 Qxc8 31. Bxf8 Qxf8 32. Qd8 Nbd7 33. Rxd7 Nxd7 34. Qxd7 Qc5 35. h4 Kg7 36. Qd2 Qd4 37. Qe1 Bd3 38. Qd2 h6 39. g3 Qc4 40. Qe1 Qb4 41. Kh2 Kh7 42. Qd2 Bxe4 43. Nxe4 Qxe4 44. Qc3 Kg7 45. Kg1 Kf6 46. Qd2 Kg7 47. Qc3 Qd4 48. Qf3 h5 49. Kg2 Kf8 50. Qb7 Ke8 51. Kg1 Kf8 52. Kg2 Kg7 53. Qf3 Qg4 54. Qc6 Qf5 55. Qd5 Qf6 56. Kg1 Qe6 57. Qf3 Qd6 58. Kg2 Qc7 59. Kh2 Kf8 60. Qf6 Ke8 61. Kg1 Qc1+ 62. Kh2 Qc5 63. Qf3 Ke7 64. Kg1 Ke6 65. Qb7 Qd5 66. Qc8+ Qd7 67. Qc4+ Kf5 68. Qc2+ e4 69. Qc1 Kg4 70. Kh2 Qf5 71. Qf1 Kf3 72. Qe1 Qe5 73. Qe3+ Kg4 74. Qe2+ Kf5 75. Qe3 Kf6 76. Qb6+ Kf5 77. Qe3 Ke6 78. Qb6+ Qd6 79. Qb3+ Qd5 80. Qe3 Qd3 81. Qc5 Qd6 82. Qe3 Qe5 83. Qb3+ Kf6 84. Qe3 Qd5 85. Qf4+ Ke6 86. Qe3 f6 87. Qh6 Qf5 88. Qe3 Qe5 89. Qc1 Qd5 90. Qh6 Qf5 91. Qe3 Qe5 92. Qc1 Qd4 93. Qc6+ Ke7 94. Qc7+ Qd7 95. Qc4 Qe6 96. Qc7+ Kf8 97. Qh7 Qf7 98. Qh6+ Kg8 99. Kg1 Qe8 100. Kh2 Kf7 101. Qh7+ Ke6 102. Qb7 f5 103. Qb6+ Kf7 104. Qb7+ Qe7 105. Qd5+ Kg7 106. Qd4+ Kh7 107. Qe3 Qd7 108. Qc5 Kg7 109. Qc3+ Kf7 110. Qc4+ Ke7 111. Qc3 Ke6 112. Qc4+ Qd5 113. Qa6+ Qd6 114. Qb5 Qd7 115. Qc4+ Qd5 116. Qa6+ Qd6 117. Qb5 f4 118. Qe8+ Kf5 119. Qb5+ Qe5 120. Qd7+ Kf6 121. Qd8+ Kg7 122. Qd7+ Kh6 123. Qd8 fxg3+ 124. fxg3 Kg7 125. Qd7+ Kf6 126. Qd8+ Qe7 127. Qd4+ Kf5 128. Qd5+ Qe5 129. Qf7+ Kg4 130. Qd7+ Kf3 131. Qd1+ Ke3 132. Qe1+ Kd3 133. Qd1+ Kc4 134. Qa4+ Kd5 135. Qb5+ Ke6 136. Qe8+ Kf6 137. Qf8+ Ke6 138. Qe8+ Kf5 139. Qf7+ Kg4 140. Qd7+ Kf3 141. Qd1+ Ke3 142. Qe1+ Kd4 143. Qa1+ Kd5 144. Qa8+ Kc5 145. Qa5+ Kd6 146. Qd8+ Kc6 147. Qa8+ Kb6 148. Qd8+ Kb5 149. Qd7+ Kb4 150. Qb7+ Kc3 151. Qc6+ Kd2 152. Qd7+ Ke1 153. Qc6 e3 154. Qc1+ Kf2 155. Qg1+ Ke2 156. Qc1 Qd5 157. Kh3 Qf5+ 0-1

[Event "EYCC 2017"]
[Site "Mamaia"]
[Date "2017.09.12"]
[Round "7"]
[White "Costachi, Mihnea"]
[Black "Tokranovs, Dmitrijs"]
[Result "1-0"]
[WhiteElo "2418"]
[BlackElo "2334"]
[Annotator "TA"]
[PlyCount "65"]
[EventDate "2017.??.??"]
[EventType "swiss"]
[EventCountry "ROU"]
[SourceTitle "playchess.com"]
[Source "ChessBase"]
[SourceQuality "1"]

1. d4 Nf6 2. c4 e6 3. Nf3 b6 4. g3 Bb7 5. Bg2 Be7 6. O-O O-O 7. Re1 d5 8. cxd5 exd5 9. Nc3 Ne4 10. Bf4 Bb4 11. Qc2 Nc6 12. Red1 Bxc3 13. bxc3 Na5 14. Ne5 Qe7 15. c4 f6 16. cxd5 fxe5 17. Qxe4 Rae8 18. dxe5 g5 19. Bd2 Qxe5 20. Qxe5 Rxe5 21. Bxa5 bxa5 22. e3 Ref5 23. f4 gxf4 24. gxf4 Re8 25. Kf2 Rh5 26. h3 Bc8 27. Rac1 Bxh3 28. Bf3 Rh6 29. Rh1 Re7 30. Bg4 Bxg4 31. Rxh6 Bf5 32. Rhc6 Rd7 33. R1c5 1-0

[Event "EYCC 2017"]
[Site "Mamaia"]
[Date "2017.09.12"]
[Round "7"]
[White "Gaifullin, Artur"]
[Black "Gatineau, Yovann"]
[Result "1-0"]
[WhiteElo "2413"]
[BlackElo "2277"]
[Annotator "TA"]
[PlyCount "67"]
[EventDate "2017.??.??"]
[EventType "swiss"]
[EventCountry "ROU"]
[SourceTitle "playchess.com"]
[Source "ChessBase"]
[SourceQuality "1"]

1. Nf3 Nf6 2. c4 c6 3. Nc3 d5 4. e3 e6 5. b3 Nbd7 6. Bb2 Bd6 7. Qc2 O-O 8. Rg1 e5 9. cxd5 cxd5 10. g4 h6 11. g5 hxg5 12. Nxg5 Nb6 13. Nb5 e4 14. Nxd6 Qxd6 15. Qc3 Kh8 16. f4 Bf5 17. Qe5 Qxe5 18. fxe5 Nfd7 19. Bb5 a6 20. Bxd7 Nxd7 21. Ke2 Nc5 22. Raf1 Be6 23. Rf4 Kg8 24. Ba3 Rfc8 25. Rh4 Bf5 26. Rf4 Be6 27. Bxc5 Rxc5 28. h4 Rac8 29. Rff1 R8c7 30. h5 Kh8 31. Rf4 a5 32. h6 gxh6 33. Rh4 Rc1 34. Nxe6 1-0

[Event "EYCC 2017"]
[Site "Mamaia"]
[Date "2017.09.12"]
[Round "7"]
[White "Parkhov, Yair"]
[Black "Bronstein, Or"]
[Result "0-1"]
[WhiteElo "2391"]
[BlackElo "2308"]
[Annotator "TA"]
[PlyCount "112"]
[EventDate "2017.??.??"]
[EventType "swiss"]
[EventCountry "ROU"]
[SourceTitle "playchess.com"]
[Source "ChessBase"]
[SourceQuality "1"]

1. d4 Nf6 2. c4 e6 3. Nc3 d5 4. cxd5 Nxd5 5. e4 Nxc3 6. bxc3 c5 7. Nf3 cxd4 8. cxd4 Bb4+ 9. Bd2 Bxd2+ 10. Qxd2 O-O 11. Bc4 Nd7 12. O-O b6 13. Qf4 Bb7 14. Rac1 Rc8 15. Bd3 h6 16. h4 Rxc1 17. Rxc1 Qa8 18. Nd2 Rc8 19. Rxc8+ Qxc8 20. Nc4 Nf6 21. f3 Nh5 22. Qe3 Ba6 23. Ne5 Qc3 24. g4 Bxd3 25. Nxd3 Nf4 26. Qxf4 Qxd3 27. Qb8+ Kh7 28. Qxa7 Qxf3 29. Qxb6 Qxg4+ 30. Kf1 Qf4+ 31. Kg1 Qxh4 32. a4 Qe1+ 33. Kh2 Qe2+ 34. Kg3 Qd3+ 35. Kf2 Qc2+ 36. Ke3 Qxa4 37. d5 Qa3+ 38. Kd4 e5+ 39. Kc4 Qc1+ 40. Kb5 Qb1+ 41. Ka6 Qxe4 42. d6 Qd3+ 43. Kb7 e4 44. Kc7 e3 45. d7 e2 46. Qf2 Qc3+ 47. Kb7 Qb2+ 48. Kc8 Qc1+ 49. Kd8 Qd1 50. Kc8 e1=Q 51. Qf5+ Kg8 52. d8=Q+ Qxd8+ 53. Kxd8 Qd2+ 54. Kc7 Qc3+ 55. Kb7 g6 56. Qe4 h5 0-1

[Event "EYCC 2017"]
[Site "Mamaia"]
[Date "2017.09.12"]
[Round "7"]
[White "Pultinevicius, Paulius"]
[Black "Vrolijk, Liam"]
[Result "0-1"]
[WhiteElo "2381"]
[BlackElo "2418"]
[Annotator "TA"]
[PlyCount "50"]
[EventDate "2017.??.??"]
[EventType "swiss"]
[EventCountry "ROU"]
[SourceTitle "playchess.com"]
[Source "ChessBase"]
[SourceQuality "1"]

1. d4 Nf6 2. c4 e6 3. Nc3 Bb4 4. Qc2 b6 5. e4 c5 6. dxc5 Bxc5 7. Nf3 Nc6 8. a3 O-O 9. h3 d5 10. cxd5 exd5 11. exd5 Nxd5 12. Be2 Nxc3 13. bxc3 Qd5 14. O-O Bf5 15. Qa4 Na5 16. Ng5 Rae8 17. Bb5 Rd8 18. Bf4 h6 19. Nf3 Bxh3 20. Rad1 Qb7 21. Rxd8 Rxd8 22. Bxh6 Rd6 23. Re1 gxh6 24. Re8+ Kg7 25. Qf4 Rg6 0-1

[Event "EYCC 2017"]
[Site "Mamaia"]
[Date "2017.09.12"]
[Round "7"]
[White "Haug, Johannes"]
[Black "Vykouk, Jan"]
[Result "1/2-1/2"]
[WhiteElo "2379"]
[BlackElo "2440"]
[Annotator "TA"]
[PlyCount "91"]
[EventDate "2017.??.??"]
[EventType "swiss"]
[EventCountry "ROU"]
[SourceTitle "playchess.com"]
[Source "ChessBase"]
[SourceQuality "1"]

1. e4 c5 2. Nf3 e6 3. b3 b6 4. Bd3 Bb7 5. O-O Nf6 6. Re1 Be7 7. e5 Nd5 8. Be4 Nc6 9. Bxd5 exd5 10. d4 Nxd4 11. Nxd4 cxd4 12. Qg4 Qc7 13. Qxg7 O-O-O 14. Qxf7 Bb4 15. Bd2 Rdf8 16. Qh5 Bxd2 17. Nxd2 Qc3 18. Qe2 Rhg8 19. Nf1 Kb8 20. Ng3 h5 21. Nxh5 Ba6 22. Qd1 d3 23. cxd3 Qd4 24. Nf6 Rg7 25. Qf3 Rh8 26. Rad1 Bb7 27. h3 a5 28. Kh2 Ka7 29. Qe3 Qh4 30. d4 d6 31. f4 Bc8 32. Rd3 Rh6 33. e6 Re7 34. Ng8 Rhxe6 35. Nxe7 Qxe7 36. Qc1 Rxe1 37. Qxc8 Qe4 38. Qc7+ Ka6 39. Qc8+ Ka7 40. Rf3 Qxd4 41. Qc7+ Ka6 42. Qc3 Qg1+ 43. Kg3 Re8 44. Qd3+ Ka7 45. Qxd5 Re7 46. Rf2 1/2-1/2

[Event "EYCC 2017"]
[Site "Mamaia"]
[Date "2017.09.12"]
[Round "7"]
[White "Engel, Luis"]
[Black "Beliotis, Georgios"]
[Result "0-1"]
[WhiteElo "2363"]
[BlackElo "2157"]
[Annotator "TA"]
[PlyCount "66"]
[EventDate "2017.??.??"]
[EventType "swiss"]
[EventCountry "ROU"]
[SourceTitle "playchess.com"]
[Source "ChessBase"]
[SourceQuality "1"]

1. c4 Nf6 2. Nf3 g6 3. Nc3 Bg7 4. e4 d6 5. d4 O-O 6. h3 c5 7. Be3 cxd4 8. Nxd4 Nc6 9. Nc2 Nd7 10. Qd2 Nc5 11. Bh6 Bxh6 12. Qxh6 f5 13. h4 fxe4 14. h5 Qe8 15. O-O-O Qf7 16. hxg6 Qxg6 17. Qe3 Ne5 18. Nd5 Qg7 19. Rh5 Bf5 20. Rg5 Bg6 21. Nd4 Rac8 22. f4 Ncd3+ 23. Bxd3 Nxd3+ 24. Rxd3 Rxc4+ 25. Kd1 exd3 26. Nxe7+ Kh8 27. Ndf5 Rxf5 28. Nxg6+ hxg6 29. Rxf5 gxf5 30. Qe8+ Qg8 31. Qh5+ Kg7 32. Qg5+ Kf7 33. Qxf5+ Ke7 0-1

[Event "EYCC 2017"]
[Site "Mamaia"]
[Date "2017.09.12"]
[Round "7"]
[White "Garcia Martin, Marta"]
[Black "Kubicka, Anna"]
[Result "1/2-1/2"]
[WhiteElo "2360"]
[BlackElo "2221"]
[Annotator "TA"]
[PlyCount "89"]
[EventDate "2017.??.??"]
[EventType "swiss"]
[EventCountry "ROU"]
[SourceTitle "playchess.com"]
[Source "ChessBase"]
[SourceQuality "1"]

1. e4 c5 2. Nf3 d6 3. Bb5+ Nd7 4. d4 cxd4 5. Qxd4 a6 6. Bxd7+ Bxd7 7. c4 Rc8 8. Nc3 e5 9. Qd3 Qc7 10. b3 b5 11. Nd5 Qc6 12. Nd2 Ne7 13. Ba3 Nxd5 14. Qxd5 Qxd5 15. exd5 f5 16. O-O Be7 17. Rfc1 Bg5 18. Rc2 Ke7 19. Re1 Bxd2 20. Rxd2 bxc4 21. bxc4 e4 22. Rd4 Ba4 23. c5 Bb5 24. c6 Kf6 25. f3 exf3 26. Re6+ Kf7 27. Rf4 g6 28. Rxd6 Rhe8 29. Rxf3 Re2 30. h4 Rxa2 31. Re3 f4 32. Rf3 Kg7 33. Bc5 Rc2 34. Bd4+ Kh6 35. Rxf4 Re8 36. Rg4 Kh5 37. Rg3 Kxh4 38. Kh2 Rc1 39. Bf6+ Kh5 40. Rg5+ Kh6 41. Rg3 Kh5 42. Rd7 h6 43. Rh7 Be2 44. Rg5+ Kh4 45. g3# 1/2-1/2

[Event "EYCC 2017"]
[Site "Mamaia"]
[Date "2017.09.12"]
[Round "7"]
[White "Salemgareev, Tagir"]
[Black "Esipenko, Andrey"]
[Result "0-1"]
[WhiteElo "2354"]
[BlackElo "2540"]
[Annotator "TA"]
[PlyCount "105"]
[EventDate "2017.??.??"]
[EventType "swiss"]
[EventCountry "ROU"]
[SourceTitle "playchess.com"]
[Source "ChessBase"]
[SourceQuality "1"]

1. d4 Nf6 2. c4 e6 3. Nf3 b6 4. a3 Bb7 5. Nc3 d5 6. Bg5 Be7 7. Bxf6 Bxf6 8. cxd5 exd5 9. Qa4+ c6 10. g3 O-O 11. Bg2 Nd7 12. O-O Be7 13. Rfd1 Kh8 14. Rac1 f5 15. e3 Bd6 16. Ne2 b5 17. Qb3 g5 18. a4 a6 19. axb5 axb5 20. Ra1 Qf6 21. Rdc1 Rg8 22. Ne1 f4 23. exf4 gxf4 24. Rxa8 Rxa8 25. gxf4 Nf8 26. Qe3 Ne6 27. Nd3 Rg8 28. Ra1 c5 29. Ra7 cxd4 30. Qh3 Nd8 31. Ng3 Qf7 32. Qf5 Qxf5 33. Nxf5 Bb8 34. Ra1 Ne6 35. Re1 Nxf4 36. Nxf4 Bxf4 37. Nxd4 b4 38. Kh1 Rc8 39. Bf3 Bd6 40. Nf5 Bc5 41. Rd1 Rf8 42. Bg4 d4+ 43. Kg1 Bc8 44. Nh6 Bxg4 45. Nxg4 Rg8 46. h3 h5 47. Rc1 Bf8 48. f3 hxg4 49. hxg4 Bh6 50. Rc4 d3 51. Kf2 Re8 52. Rc6 Bf4 53. Rc4 0-1

[Event "EYCC 2017"]
[Site "Mamaia"]
[Date "2017.09.12"]
[Round "7"]
[White "Suleymanli, Aydin"]
[Black "Murzin, Volodar"]
[Result "1-0"]
[WhiteElo "2351"]
[BlackElo "2280"]
[Annotator "TA"]
[PlyCount "77"]
[EventDate "2017.??.??"]
[EventType "swiss"]
[EventCountry "ROU"]
[SourceTitle "playchess.com"]
[Source "ChessBase"]
[SourceQuality "1"]

1. d4 Nf6 2. c4 g6 3. Nc3 Bg7 4. e4 d6 5. f4 O-O 6. Nf3 c5 7. d5 e6 8. Be2 exd5 9. cxd5 Nbd7 10. O-O Re8 11. Qc2 a6 12. a4 Qc7 13. Nd2 Rb8 14. a5 b5 15. axb6 Nxb6 16. Qd1 c4 17. Ra3 Nbd7 18. e5 dxe5 19. Nxc4 Rb4 20. Ra4 Rxa4 21. Nxa4 Bb7 22. d6 Qc6 23. Rf3 exf4 24. Na5 Qd5 25. Nxb7 Qxb7 26. Bxf4 Ng4 27. h3 Qe4 28. Nc3 Bd4+ 29. Kf1 Bxc3 30. bxc3 Nde5 31. d7 Rd8 32. hxg4 Rxd7 33. Qb3 Rb7 34. Qxb7 Qxb7 35. Bxe5 Qd5 36. Bf6 Qe6 37. g5 h6 38. Rd3 Kh7 39. Rd8 1-0

[Event "EYCC 2017"]
[Site "Mamaia"]
[Date "2017.09.12"]
[Round "7"]
[White "Bjerre, Jonas Buhl"]
[Black "Henderson de La Fuente, Lance"]
[Result "1/2-1/2"]
[WhiteElo "2348"]
[BlackElo "2408"]
[Annotator "TA"]
[PlyCount "57"]
[EventDate "2017.??.??"]
[EventType "swiss"]
[EventCountry "ROU"]
[SourceTitle "playchess.com"]
[Source "ChessBase"]
[SourceQuality "1"]

1. e4 e5 2. Nf3 Nc6 3. Bc4 Bc5 4. c3 Nf6 5. d3 d6 6. O-O O-O 7. a4 a6 8. Na3 Ne7 9. Nc2 Ng6 10. Be3 Bxe3 11. Nxe3 a5 12. Qc2 c6 13. Rfe1 Re8 14. Rad1 h6 15. d4 Qc7 16. dxe5 Nxe5 17. Nxe5 dxe5 18. Rd2 Be6 19. Bxe6 Rxe6 20. Red1 Ree8 21. Nc4 Rad8 22. Rxd8 Rxd8 23. Rxd8+ Qxd8 24. Qd2 Qxd2 25. Nxd2 Kf8 26. f3 Nd7 27. Nc4 Nc5 28. Nxa5 Nxa4 29. Nxb7 1/2-1/2

[Event "EYCC 2017"]
[Site "Mamaia"]
[Date "2017.09.12"]
[Round "7"]
[White "Gavrilescu, David"]
[Black "Avalyan, Artur"]
[Result "0-1"]
[WhiteElo "2346"]
[BlackElo "2277"]
[Annotator "TA"]
[PlyCount "74"]
[EventDate "2017.??.??"]
[EventType "swiss"]
[EventCountry "ROU"]
[SourceTitle "playchess.com"]
[Source "ChessBase"]
[SourceQuality "1"]

1. d4 Nf6 2. Bg5 e6 3. Nd2 c5 4. e3 b6 5. c3 Bb7 6. Ngf3 Be7 7. Bd3 Nc6 8. O-O O-O 9. Qa4 cxd4 10. exd4 a6 11. Qc2 h6 12. Bh4 Rc8 13. a3 Nh5 14. Bxe7 Nxe7 15. Rfe1 Nf4 16. Bh7+ Kh8 17. Be4 Ned5 18. Ne5 f5 19. Bf3 Rf6 20. Nf1 d6 21. Nd3 Qc7 22. Qd2 Nxd3 23. Qxd3 Nf4 24. Qe3 Bxf3 25. Qxf3 Ng6 26. Ne3 Qf7 27. Rad1 f4 28. Nf1 Nh4 29. Qh3 Qh5 30. Kh1 g5 31. Ng3 fxg3 32. fxg3 Rcf8 33. g4 Qf7 34. g3 Nf3 35. Rf1 Ne5 36. Rxf6 Qxf6 37. dxe5 Qf3+ 0-1

[Event "EYCC 2017"]
[Site "Mamaia"]
[Date "2017.09.12"]
[Round "7"]
[White "Tomasi, Albert"]
[Black "Voloshchuk, Iliya"]
[Result "1/2-1/2"]
[WhiteElo "2343"]
[BlackElo "2156"]
[Annotator "TA"]
[PlyCount "115"]
[EventDate "2017.??.??"]
[EventType "swiss"]
[EventCountry "ROU"]
[SourceTitle "playchess.com"]
[Source "ChessBase"]
[SourceQuality "1"]

1. e4 d6 2. d4 Nf6 3. Nc3 g6 4. Be3 Bg7 5. f3 c6 6. g4 b5 7. g5 Nfd7 8. Qd2 Nb6 9. h4 Qc7 10. h5 Rg8 11. a4 b4 12. Nd1 a5 13. c3 Na6 14. Nf2 Be6 15. Rc1 b3 16. Bd3 Bc4 17. Bxc4 Nxc4 18. Qe2 d5 19. f4 Nb8 20. Nf3 Nd7 21. Ne5 Bxe5 22. dxe5 e6 23. hxg6 hxg6 24. Kf1 O-O-O 25. Kg2 Nxe3+ 26. Qxe3 Qb6 27. Qe2 Nc5 28. exd5 Rxd5 29. Rcd1 Rgd8 30. Rxd5 Rxd5 31. Rh8+ Kb7 32. Rf8 Qc7 33. Qe3 Qe7 34. Rh8 Qd7 35. Rf8 Qe7 36. Rh8 Qd7 37. Rh7 Qe7 38. Rh8 Qd7 39. Rh7 Qe7 40. Rh1 Qd7 41. Rh8 Qe7 42. c4 Rd7 43. Rg8 Rc7 44. Qd2 Ka6 45. Qe3 Rd7 46. Qf3 Kb7 47. Qe3 Ka6 48. Ra8+ Ra7 49. Rc8 Kb7 50. Rh8 Ra8 51. Rxa8 Kxa8 52. Qc3 Qd8 53. Kf3 Kb7 54. Qe3 Qb6 55. Ne4 Nxe4 56. Kxe4 Qb4 57. Qd4 Qe1+ 58. Kf3 1/2-1/2

[Event "EYCC 2017"]
[Site "Mamaia"]
[Date "2017.09.12"]
[Round "7"]
[White "Badelka, Olga"]
[Black "Schneider, Jana"]
[Result "1/2-1/2"]
[WhiteElo "2335"]
[BlackElo "2231"]
[Annotator "TA"]
[PlyCount "125"]
[EventDate "2017.??.??"]
[EventType "swiss"]
[EventCountry "ROU"]
[SourceTitle "playchess.com"]
[Source "ChessBase"]
[SourceQuality "1"]

1. d4 d5 2. c4 e6 3. Nc3 Bb4 4. cxd5 exd5 5. Nf3 c6 6. Bf4 Ne7 7. e3 Ng6 8. Bg3 Bf5 9. Qb3 Qe7 10. h4 h5 11. Be2 Nd7 12. a3 Bxc3+ 13. bxc3 Nf6 14. Ng5 O-O 15. a4 Rfe8 16. Qa3 Nf8 17. c4 N8d7 18. O-O g6 19. Rfc1 Nb6 20. Qxe7 Rxe7 21. c5 Nbd7 22. a5 a6 23. Ra3 Nf8 24. Rb3 Rd8 25. Bd6 Red7 26. Nf3 Ng4 27. Rb6 f6 28. Rc3 Rf7 29. Rcb3 Rdd7 30. Ne1 Ne6 31. Nd3 Nd8 32. Nb4 Nh6 33. f3 Be6 34. Nd3 Nf5 35. Nf4 Nxd6 36. cxd6 Rxd6 37. Nxg6 Kg7 38. Nf4 Kh6 39. Kf2 Bc8 40. Bd3 Rg7 41. R6b4 f5 42. Bf1 Ne6 43. Nd3 Nc7 44. Nc5 Nb5 45. Bxb5 cxb5 46. Nd3 Rc7 47. Nf4 Rc2+ 48. Ke1 Be6 49. Rb2 Rc8 50. Kd2 Rdc6 51. Ra2 b6 52. axb6 Rxb6 53. Rb1 Rcc6 54. Nd3 Bc8 55. Nb4 Rg6 56. Kd3 Bb7 57. Rc1 Rg7 58. Rc5 Rd6 59. Rc3 Re6 60. Rc5 Rge7 61. Nc2 Rg6 62. Nb4 Rge6 63. Nc2 1/2-1/2

[Event "EYCC 2017"]
[Site "Mamaia"]
[Date "2017.09.12"]
[Round "7"]
[White "Radovic, Janko"]
[Black "Janik, Igor"]
[Result "1-0"]
[WhiteElo "2330"]
[BlackElo "2418"]
[Annotator "TA"]
[PlyCount "83"]
[EventDate "2017.??.??"]
[EventType "swiss"]
[EventCountry "ROU"]
[SourceTitle "playchess.com"]
[Source "ChessBase"]
[SourceQuality "1"]

1. e4 d6 2. d4 Nf6 3. Nc3 g6 4. f4 Bg7 5. Nf3 O-O 6. e5 Nfd7 7. h4 c5 8. h5 cxd4 9. Qxd4 Nc6 10. Qf2 dxe5 11. hxg6 hxg6 12. fxe5 Ndxe5 13. Nxe5 Nxe5 14. Qh4 f6 15. Bh6 g5 16. Qe4 f5 17. Bc4+ e6 18. Bxg7 fxe4 19. Bxe5 Qa5 20. Bb5 Rf5 21. Rh8+ Kf7 22. Be8+ Ke7 23. Bc7 Qxc7 24. Rh7+ Kxe8 25. Rxc7 Bd7 26. Nxe4 Bc6 27. Nd6+ Kd8 28. Rg7 Rd5 29. Rg8+ Kc7 30. Rxa8 Rxd6 31. Rg8 Rd5 32. Rd1 Ra5 33. Rg7+ Kb6 34. a3 Bxg2 35. Rd6+ Bc6 36. Rxe6 Rc5 37. Kd2 Rd5+ 38. Kc1 Rf5 39. b3 a5 40. a4 Rf1+ 41. Kb2 Rf2 42. Rxg5 1-0

[Event "EYCC 2017"]
[Site "Mamaia"]
[Date "2017.09.12"]
[Round "7"]
[White "Kouskoutis, Georgios-Alexandros"]
[Black "Yayloyan, Konstantin"]
[Result "1/2-1/2"]
[WhiteElo "2314"]
[BlackElo "2142"]
[Annotator "TA"]
[PlyCount "123"]
[EventDate "2017.??.??"]
[EventType "swiss"]
[EventCountry "ROU"]
[SourceTitle "playchess.com"]
[Source "ChessBase"]
[SourceQuality "1"]

1. Nf3 g6 2. g3 Bg7 3. Bg2 Nf6 4. O-O O-O 5. d4 d6 6. b3 c5 7. Bb2 Nc6 8. c4 Ne4 9. e3 Qa5 10. Qc1 cxd4 11. Nxd4 Nxd4 12. exd4 Nf6 13. d5 Bd7 14. Qe1 Qc7 15. Nc3 a6 16. Rc1 Rfe8 17. Qd2 Qa5 18. a3 b5 19. b4 Qb6 20. c5 dxc5 21. bxc5 Qxc5 22. d6 Qh5 23. Ne2 Rab8 24. Nf4 Qh6 25. dxe7 Bf5 26. h4 Ne4 27. Bxe4 Bxe4 28. Bxg7 Qxg7 29. Qd6 f5 30. Rc7 Qf7 31. Rd7 Rb7 32. Rxb7 Bxb7 33. Re1 Be4 34. Qxa6 Rxe7 35. Qxb5 Rb7 36. Qc5 Qc7 37. Qd4 Qd7 38. Qe3 Qa4 39. Qc3 Qb3 40. Qc8+ Kf7 41. Qh8 Qf3 42. Qxh7+ Kf6 43. Qxg6+ Ke7 44. Nd5+ Kf8 45. Qd6+ Kf7 46. Qf6+ Kg8 47. Qe6+ Kg7 48. Qe5+ Kf7 49. Rxe4 fxe4 50. Qa1 Rd7 51. Ne3 Rd2 52. Qf1 Kg7 53. Qg2 Ra2 54. Qxf3 exf3 55. g4 Kf6 56. Kh2 Rxf2+ 57. Kg3 Ra2 58. Kxf3 Rxa3 59. Ke2 Kg6 60. Nd5 Ra4 61. Kf3 Ra3+ 62. Ne3 1/2-1/2

[Event "EYCC 2017"]
[Site "Mamaia"]
[Date "2017.09.12"]
[Round "7"]
[White "Lazov, Toni"]
[Black "Drygalov, Sergey"]
[Result "1/2-1/2"]
[WhiteElo "2289"]
[BlackElo "2415"]
[Annotator "TA"]
[PlyCount "57"]
[EventDate "2017.??.??"]
[EventType "swiss"]
[EventCountry "ROU"]
[SourceTitle "playchess.com"]
[Source "ChessBase"]
[SourceQuality "1"]

1. e4 c5 2. Nf3 e6 3. d4 cxd4 4. Nxd4 Nc6 5. Nc3 Qc7 6. Be3 a6 7. Qd2 Nf6 8. f4 Bb4 9. Bd3 Na5 10. a3 Bxc3 11. Qxc3 Qxc3+ 12. bxc3 d5 13. exd5 exd5 14. Nb3 Nc4 15. Bd4 O-O 16. Bxf6 gxf6 17. Bxc4 dxc4 18. Nd4 Bd7 19. Kf2 b5 20. Rhe1 Rfe8 21. Kf3 Kf8 22. g4 Rac8 23. h4 h6 24. Rad1 Rxe1 25. Rxe1 Rc5 26. Rg1 Bc8 27. Ra1 Bd7 28. Rg1 Bc8 29. Ra1 1/2-1/2

[Event "EYCC 2017"]
[Site "Mamaia"]
[Date "2017.09.12"]
[Round "7"]
[White "Diakonova, Ekaterina"]
[Black "Posuniak, Weronika"]
[Result "1-0"]
[WhiteElo "2276"]
[BlackElo "1856"]
[Annotator "TA"]
[PlyCount "63"]
[EventDate "2017.??.??"]
[EventType "swiss"]
[EventCountry "ROU"]
[SourceTitle "playchess.com"]
[Source "ChessBase"]
[SourceQuality "1"]

1. e4 c6 2. Nc3 d5 3. Nf3 Bg4 4. h3 Bxf3 5. Qxf3 Nf6 6. d3 e6 7. Bd2 Nbd7 8. O-O-O d4 9. Ne2 c5 10. g4 b5 11. g5 Ng8 12. h4 Rc8 13. Qg3 Qb6 14. h5 Bd6 15. f4 Ne7 16. Bh3 c4 17. Nxd4 Nc5 18. Kb1 cxd3 19. cxd3 Nxe4 20. dxe4 Qxd4 21. Rhe1 Qa4 22. g6 hxg6 23. hxg6 Nxg6 24. Bxe6 Qc2+ 25. Ka1 Rc7 26. Bb3 Qc6 27. e5 Be7 28. e6 Kf8 29. exf7 Rd7 30. Rc1 Qb7 31. Bc3 Rd8 32. Qxg6 1-0

[Event "EYCC 2017"]
[Site "Mamaia"]
[Date "2017.09.12"]
[Round "7"]
[White "Krstulovic, Alex"]
[Black "Remizov, Yaroslav"]
[Result "0-1"]
[WhiteElo "2261"]
[BlackElo "2146"]
[Annotator "TA"]
[PlyCount "62"]
[EventDate "2017.??.??"]
[EventType "swiss"]
[EventCountry "ROU"]
[SourceTitle "playchess.com"]
[Source "ChessBase"]
[SourceQuality "1"]

1. d4 d5 2. c4 e6 3. Nc3 c6 4. e4 dxe4 5. Nxe4 Bb4+ 6. Bd2 Qxd4 7. Bxb4 Qxe4+ 8. Ne2 Na6 9. Bf8 Ne7 10. Bxg7 Rg8 11. Bc3 Nc5 12. Qd6 Nd3+ 13. Kd2 Nxf2 14. Bf6 Qd5+ 15. cxd5 Ne4+ 16. Ke1 Nxd6 17. Bxe7 Kxe7 18. dxc6 bxc6 19. g3 Rb8 20. b3 c5 21. Bg2 Ba6 22. Rc1 Rgc8 23. Kf2 Bxe2 24. Kxe2 c4 25. bxc4 Rb2+ 26. Kf3 Nxc4 27. g4 Ne5+ 28. Kg3 Rxc1 29. Rxc1 Rxa2 30. g5 Ra3+ 31. Kf4 Nd3+ 0-1

[Event "EYCC 2017"]
[Site "Mamaia"]
[Date "2017.09.12"]
[Round "7"]
[White "Antova, Gabriela"]
[Black "Maltsevskaya, Aleksandra"]
[Result "1-0"]
[WhiteElo "2256"]
[BlackElo "2271"]
[Annotator "TA"]
[PlyCount "121"]
[EventDate "2017.??.??"]
[EventType "swiss"]
[EventCountry "ROU"]
[SourceTitle "playchess.com"]
[Source "ChessBase"]
[SourceQuality "1"]

1. d4 Nf6 2. Nf3 g6 3. c4 Bg7 4. g3 O-O 5. Bg2 d6 6. O-O Nbd7 7. Nc3 e5 8. e4 exd4 9. Nxd4 Nc5 10. f3 Re8 11. Be3 c6 12. Qd2 Qe7 13. Rfe1 Bd7 14. Rad1 b6 15. b4 Ne6 16. Nde2 Rad8 17. a3 Bc8 18. h3 Bb7 19. f4 d5 20. cxd5 cxd5 21. e5 Ne4 22. Nxe4 dxe4 23. Qc2 Rxd1 24. Rxd1 Rc8 25. Qb3 Rd8 26. Nc3 Rxd1+ 27. Qxd1 f6 28. exf6 Bxf6 29. Nd5 Qd8 30. Nxf6+ Qxf6 31. Qd7 Qf7 32. Qd6 h5 33. Qb8+ Kh7 34. Qxa7 Ng7 35. Bxb6 h4 36. Bf2 hxg3 37. Bxg3 Qd5 38. Kh2 Bc6 39. Qc7 Kh6 40. Bh4 Ne6 41. Qe5 Qxe5 42. fxe5 g5 43. Be1 Nd4 44. Bc3 Nb5 45. Bb2 e3 46. Bf1 Nc7 47. Bc4 Kg6 48. Bd4 Kf5 49. Bxe3 Kxe5 50. Bxg5 Kd4 51. Bf7 Nb5 52. Bf6+ Ke3 53. a4 Nd6 54. Bb3 Ne4 55. Bg7 Nd2 56. Bh6+ Ke2 57. Bxd2 Kxd2 58. b5 Be4 59. a5 Kc3 60. a6 Bd3 61. Bd5 1-0

[Event "EYCC 2017"]
[Site "Mamaia"]
[Date "2017.09.12"]
[Round "7"]
[White "Georgescu, Lena"]
[Black "Gitu, Paula-Alexandra"]
[Result "0-1"]
[WhiteElo "2246"]
[BlackElo "1948"]
[Annotator "TA"]
[PlyCount "84"]
[EventDate "2017.??.??"]
[EventType "swiss"]
[EventCountry "ROU"]
[SourceTitle "playchess.com"]
[Source "ChessBase"]
[SourceQuality "1"]

1. e4 d6 2. d4 Nf6 3. Nc3 e5 4. Nf3 Nbd7 5. Bc4 Be7 6. a4 c6 7. O-O O-O 8. h3 Qc7 9. Re1 b6 10. Be3 Bb7 11. Nh4 Rfe8 12. Nf5 Bf8 13. Ba2 a6 14. dxe5 Nxe5 15. Bg5 Nfd7 16. Qh5 g6 17. Nh6+ Kg7 18. Qe2 Be7 19. Bd2 Bc8 20. Qf1 Rf8 21. Ng4 Nxg4 22. hxg4 Ne5 23. g5 f6 24. Bf4 fxg5 25. Bxe5+ dxe5 26. Qc4 Bc5 27. Nd1 a5 28. Ne3 Qe7 29. Rad1 Qf6 30. Rd2 g4 31. g3 Ra7 32. c3 Re7 33. Qe2 Qg5 34. Kg2 Ree8 35. Bc4 Rf3 36. Ba6 Be6 37. Bc4 Bc8 38. Ba6 Bxa6 39. Qxa6 Ref8 40. Qb7+ R8f7 41. Qxc6 Bxe3 42. fxe3 Qh6 0-1